000
00213nam a2200097Ia 4500
100
_a
Sen/ Bhattacharya
942
_c
BK
245
_a
Principles of Metal Cutting
260
_b
New central book agency
300
_a
641
999
_c
21120
_d
21120